000
00242nam a2200097Ia 4500
001
643077
005
20250826153539.0
008
250824s9999 xx 000 0 und d
245
0
_a
PERCY JACKSON 5 SON OLİMPOSLU
_c
RICK RIORDAN
260
_b
DOĞAN
999
_c
643077
_d
643077